| 000 | 00972cam a2200241 4500 | ||
|---|---|---|---|
| 001 | ABS64195 | ||
| 008 | 000000n2001 000 0 eng u | ||
| 035 | _a(Sirsi) u113260 | ||
| 100 | _aDalby, J. | ||
| 245 | _aVery enterprising? | ||
| 260 | _c2001 | ||
| 490 |
_aProperty Week _v66(23) 8 June 2001, 90-91(2) |
||
| 520 | _aA look at the role of enterprise zones in regeneration which warns that, while developers can often achieve higher rents and yields for properties than elsewhere, their introduction to economically depressed areas does not compensate for the lack of a comprehensive regeneration package dealing with social and environmental issues. | ||
| 590 | _aABS | ||
| 650 | _aPROPERTY-COMMERCIAL PROPERTY-COMMERCIAL PROPERTY DEVELOPMENT | ||
| 650 | _aCONTAMINATED LAND | ||
| 650 | _aENTERPRISE ZONES | ||
| 650 | _aINVESTMENT INCENTIVES | ||
| 650 | _aPROPERTY INVESTMENT | ||
| 650 | _aURBAN REGENERATION | ||
| 690 | _aREGENERATION | ||
| 942 | _n0 | ||
| 999 |
_c67461 _d67461 |
||